Slávni športovci na písmeno B - Statistics

General Stats
  • This quiz has been taken 4 times
  • The average score is 12 of 16
Answer Stats
Picture Answer % Correct
David Beckham
100%
Kobe Bryant
100%
Simone Biles
100%
Tom Brady
100%
Usain Bolt
100%
Björn Borg
75%
Boris Becker
75%
Gianluigi Buffon
75%
Larry Bird
75%
Ole Einar Bjørndalen
75%
Sergej Bubka
75%
Valtteri Bottas
75%
George Best
50%
Mutaz Essa Barshim
50%
Martin Brodeur
25%
Roger Bannister
25%
No matching quizzes found
Score Distribution
Percent of People with Each Score
Percentile by Number Answered
Your Score History
You have not taken this quiz